000 00359nam a2200133Ia 4500
008 151001s9999||||xx |||||||||||||| ||und||
100 _aमुक्ता केणेकर
245 _aस्नेहबंध
250 _a1
260 _bअनघा प्रकाशन ठाणे
260 _c२०१४
300 _a151
365 _b21
999 _c1002253
_d1002250